Etiketa na cesty aneb jiný kraj, jiný mrav
Gespeichert in:
| 1. Verfasser: | |
|---|---|
| Format: | Buch |
| Sprache: | Tschechisch |
| Veröffentlicht: |
Velké Bílovice
TeMi CZ
2009
|
| Schlagworte: | |
| Tags: |
Keine Tags, Fügen Sie das erste Tag hinzu!
|
MARC
| LEADER | 00000nam a2200000 4500 | ||
|---|---|---|---|
| 001 | 0127918 | ||
| 005 | 20240315114432.5 | ||
| 020 | |a 978-80-87156-39-1 | ||
| 041 | 0 | |a cze | |
| 044 | |a CZ | ||
| 245 | 1 | 0 | |a Etiketa na cesty aneb jiný kraj, jiný mrav |c Jarmila Kocourková |
| 264 | 1 | |a Velké Bílovice |b TeMi CZ |c 2009 | |
| 300 | |a 678 s. | ||
| 610 | 2 | 0 | |a etiketa |
| 610 | 2 | 0 | |a správanie |
| 610 | 2 | 0 | |a kultúra |
| 610 | 2 | 0 | |a zvyklosti kultúrne |
| 610 | 2 | 0 | |a porovnanie medzinárodné |
| 610 | 2 | 0 | |a Európa |
| 610 | 2 | 0 | |a Amerika |
| 610 | 2 | 0 | |a Ázia |
| 100 | 1 | |a Kocourková, Jarmila | |